000 00572nam a2200181Ia 4500
008 100920s9999 xx 000 0 und d
082 _b60519
_a61 थ 81
100 _aपानवलकर श्री.दा.
245 _aजांभूळ.
260 _bमौज प्रकाशन गृह, मुंबई.
_c1981
300 _a210
_bसाधी
365 _b28.5
520 _aस्थानिक वाचन.
630 _aजांभूळ.
650 _aस्थानिक वाचन.
730 _aजांभूळ.
942 _cBOOK
999 _c703774
_d703771